Les noms de Mammifères par lettres -N - Statistiques

Statistiques générales
  • Ce quiz a été pris 68 fois
  • Le résultat moyen est 2 sur 15
Statistiques - réponses
Par images Réponse % Correct
Narval
100%
Nasique
75%
Nyala
13%
Numbat
12%
Nilgaut
10%
Nasin
2%
Néotoma
2%
Ningaui
2%
Noctule
2%
Nyctimène
2%
Nectogal
0%
Nez-en-coeur
0%
Noctilion
0%
Nyctère
0%
Nycticèbe
0%
Aucun quiz correspondant
Distribution des résultats
% des personnes avec chaque résultat
Percentile par nombre de réponses
Votre historique - résultats
Vous n’avez pas pris ce quiz